000 00509nam a2200205Ia 4500
001 13865
003 GE_BSU
008 181216s||||||||xx |||||||||||||| ||und||
020 _a9780061118463
040 _cGE_BSU
080 _a821.111-3
100 _aSparks,Kerrelyin.
245 _aAll I want for christmas is a vampire.
260 _aNew York.
260 _bAvon Harper Collins Publishers.
260 _c2008
300 _a370p;18cm.
653 _aAll I want for christmas is a vampire.
942 _cBK
999 _c47009
_d47009